Revolución Francesa y administración contemporánea
Guardat en:
| Autor principal: | |
|---|---|
| Format: | Desconegut |
| Idioma: | anglès espanyol |
| Publicat: |
Navarra, España
Aranzadi
1994
|
| Edició: | Cuarta edición |
| Matèries: | |
| Etiquetes: |
Afegir etiqueta
Sense etiquetes, Sigues el primer a etiquetar aquest registre!
|
MARC
| LEADER | 00000 a2200000 4500 | ||
|---|---|---|---|
| 003 | CL-VaPUC | ||
| 005 | 20220115074053.0 | ||
| 008 | 200114b ||||| |||| 00| 0 eng d | ||
| 999 | |c 376443 |d 376441 | ||
| 020 | |a 8447004406 | ||
| 040 | |c Pontificia Universidad Católica de Valparaíso | ||
| 041 | 0 | |a spa | |
| 082 | |a 342.06 GAR 1994 | ||
| 100 | 1 | |a García de Enterría, Eduardo |9 254850 | |
| 245 | |a Revolución Francesa y administración contemporánea | ||
| 250 | |a Cuarta edición | ||
| 260 | 3 | |b Aranzadi |c 1994 |a Navarra, España | |
| 300 | |a 150 páginas | ||
| 505 | 0 | |a I. Revolución francesa y administración contemporánea. II. La formación del régimen municipal francés contemporáneo. | |
| 583 | |k Hugo Gaete |c 20200114 | ||
| 650 | 0 | 0 | |a Revolución francesa |9 324244 |
| 650 | 0 | 0 | |a Historia del derecho |9 255109 |
| 650 | 0 | 0 | |a Derecho administrativo |9 254851 |
| 650 | 0 | 0 | |a Poderes del estado |9 377457 |
| 651 | 0 | |a Francia |9 255157 | |
| 942 | |2 ddc |c BK | ||
| 952 | |0 0 |1 0 |2 ddc |4 0 |6 342_060000000000000_GAR_1994 |7 0 |9 495842 |a BIBDER |b BIBDER |d 2020-01-07 |e 36 |g 10267.00 |i 5571693 |o 342.06 GAR 1994 |p 5571693 |r 2023-01-25 |t 1 |v 10267.00 |w 2020-01-07 |y BK |k DER | ||